DIMENSIONS OF RURAL DEVELOPMENT IN NORTH-EAST INDIA (Record no. 9457)
[ view plain ]
| 000 -LEADER | |
|---|---|
| fixed length control field | 00555cam a2200205ua 4500 |
| 008 - FIXED-LENGTH DATA ELEMENTS--GENERAL INFORMATION | |
| fixed length control field | 190701n II |||gr||||Z||||||eng |
| 040 ## - CATALOGING SOURCE | |
| Original cataloging agency | MAIN |
| 041 ## - LANGUAGE CODE | |
| -- | English |
| 041 ## - LANGUAGE CODE | |
| -- | eng |
| 100 ## - MAIN ENTRY--PERSONAL NAME | |
| Personal name | DUTTA RAI,B.(ed./-). |
| 245 ## - TITLE STATEMENT | |
| Title | DIMENSIONS OF RURAL DEVELOPMENT IN NORTH-EAST INDIA |
| 260 ## - PUBLICATION, DISTRIBUTION, ETC. | |
| Place of publication, distribution, etc. | NEW DELHI |
| Name of publisher, distributor, etc. | AKANSHA PUBLISHING HOUSE |
| Date of publication, distribution, etc. | 2004. |
| 300 ## - PHYSICAL DESCRIPTION | |
| Extent | 303: |
| Dimensions | 20CM. |
| 500 ## - GENERAL NOTE | |
| General note | RUSA |
| 700 ## - ADDED ENTRY--PERSONAL NAME | |
| Personal name | DUTTA RAI,B.(ed./-)., |
| Relator term | EDITOR. |
| 700 ## - ADDED ENTRY--PERSONAL NAME | |
| Personal name | GURUDEV DAS (ed./-)., |
| Relator term | EDITOR. |
| 942 ## - ADDED ENTRY ELEMENTS (KOHA) | |
| Koha item type | Books |
| 653 ## - INDEX TERM--UNCONTROLLED | |
| Uncontrolled term | Rural Development of India |
No items available.